000 00650nam a2200217Ia 4500
003 BUBTL
008 151213s9999 xx 000 0 und d
020 _a0030314771
082 _a658.15/ B7685f/ 2001
100 _aBrigham, Eugene F.
245 _aFinancial management :
_bTheory & practice /
_cEugene F. Brigham & others
250 _a9th
260 _bHarcourt asia
_aHarcourt College
_cc2001
300 _a[xxxvi], 959p . :
_bill. Chart, Table ; 25cm .
500 _aIncludes Index .
650 _aFinance
700 _aEugene F. Brigham & others
856 _k0
_l0
_yDownload
942 _2ddc
_cBK
999 _c1099
_d1099